Les surnoms des 50 états américains - Statistiques

Statistiques générales
  • Ce quiz a été pris 162 fois
  • Le résultat moyen est 11 sur 50
Statistiques - réponses
Surnom des états Etats % Correct
Aloha State Hawaii
69%
Empire State New York
69%
Golden State Californie
61%
Grand Canyon State / Copper State (L'Etat du Cuivre) Arizona
53%
Mount Rushmore State Dakota du Sud
53%
The First State Delaware
46%
Lone Star State (L'Etat de l'Etoile Solitaire) Texas
42%
The Last Frontier / The Land of the Midnight Sun Alaska
38%
Sunshine State Floride
36%
Pelican State Louisiane
31%
Green Mountain State (L'Etat des Monts Verts) Vermont
30%
Beaver State (L'Etat du Castor) Oregon
27%
Silver State (L'Etat de l'Argent) Nevada
26%
The Wolverine State / Great Lake State Michigan
24%
Garden State New Jersey
24%
Constitution State Connecticut
23%
Centennial State (L'Etat Centennaire) Colorado
22%
North Star State (L'Etat de l'Etoile du Nord) / Land of 10.000 Lakes Minnesota
22%
The Keystone State (L'Etat de la Clé de Voûte) Pennsylvanie
20%
Bay State (L'Etat de la Baie) Massachusetts
19%
Magnolia State Mississippi
18%
Land of Enchantment (L'Etat Enchanteur) Nouveau Mexique
18%
Gem State (L'Etat de la Pierre précieuse) Idaho
16%
Badger State (L'Etat des Blaireaux) Wisconsin
16%
Peach State Géorgie
15%
Evergreen State (L'Etat à feuillage persistant) Washington
15%
Hoosier State Indiana
14%
Sunflower State (L'Etat des Tournesols) Kansas
14%
Granite State New Hampshire
14%
Beehive State (L'Etat des Ruches) Utah
14%
Old Dominion State (L'Etat de l'Ancien Empire) Virginie
14%
Equality State Wyoming
14%
Palmetto State Caroline du Sud
12%
Hawkeye State (L'Etat de l'Oeil du Faucon) Iowa
12%
Bluegrass State (L'Etat du Pâturin des Prés) Kentucky
12%
Pine Tree State (L'Etat du Pin Blanc) Maine
12%
Show Me State Missouri
12%
Cornhusker State (L'Etat des Eplucheurs de maïs) Nebraska
12%
The Volunteer State (L'Etat des Volontaires) Tennessee
12%
Treasure State (L'Etat du Trésor) Montana
11%
Prarie State (L'Etat des Prairies) Illinois
9%
Buckeye State (L'Etat du Maronnier d'Inde) Ohio
9%
Ocean State / Plantation State Rhode Island
9%
Mountain State Virginie Occidentale
9%
Natural State Arkansas
8%
Yellowhammer Alabama
7%
Old North State Caroline du Nord
7%
The Sooner State (L'Etat des Premiers Arrivants) Oklahoma
5%
Peace Garden State (L'Etat du Jardin de la Paix) Dakota du Nord
4%
Old Line State Maryland
4%
Aucun quiz correspondant
Distribution des résultats
% des personnes avec chaque résultat
Percentile par nombre de réponses
Votre historique - résultats
Vous n’avez pas pris ce quiz